000 00599nam a2200169Ia 4500
008 090201s9999 xx 000 0 und d
010 _aKPL-57802
040 _bमराठी
041 _aमराठी
082 _a7951
_b57802
100 _aम शं गोडबोले
245 _aसार्थ श्री ज्ञानेश्वरी
_cम शं गोडबोले
260 _c2004
_bश्रीविद्या प्रकाशन
300 _a912
_bमोठा
600 _aसार्थ श्री ज्ञानेश्वरी
942 _cBOOK
999 _c208622
_d208622